Southville International School and Colleges
Your cart is empty.
  • Cart
  • Lists
    Public lists Eva Luna New books Lux_list list_1
    Your lists Log in to create your own lists
  • Log in to your account
  • Your cookies
  • Search history
Southville International School and Colleges
  • Advanced search
  • Recent comments
  • Most popular
  • Libraries

Log in to your account

Log in with GOOGLE


If you do not have an external account, but do have a local account, you can still log in:

  1. Home
  2. MARC view: The essentials of computer organization and architecture /
Normal view MARC view ISBD view

The essentials of computer organization and architecture / (Record no. 23676)

[ view plain ]
MARC details
000 -LEADER
fixed length control field 00629nam a2200217 a 4500
005 - DATE AND TIME OF LATEST TRANSACTION
control field 20140310183457.0
008 - FIXED-LENGTH DATA ELEMENTS--GENERAL INFORMATION
fixed length control field 091116s19uu xx 00 eng d
020 ## - INTERNATIONAL STANDARD BOOK NUMBER
International Standard Book Number 9789719316640
050 ## - LIBRARY OF CONGRESS CALL NUMBER
Classification number QA 76.9.C643
Item number .N85 2006
100 ## - MAIN ENTRY--PERSONAL NAME
Personal name Null, Linda
245 ## - TITLE STATEMENT
Title The essentials of computer organization and architecture /
Statement of responsibility, etc Linda Null
250 ## - EDITION STATEMENT
Edition statement 2nd ed.
260 ## - PUBLICATION, DISTRIBUTION, ETC. (IMPRINT)
Place of publication, distribution, etc Boston :
Name of publisher, distributor, etc Jones and Bartlett Publishers,
Date of publication, distribution, etc 2006.
300 ## - PHYSICAL DESCRIPTION
Extent 799 p. :
Other physical details ill. ;
Dimensions 26 cm.
521 ## - TARGET AUDIENCE NOTE
Target audience note
650 ## - SUBJECT ADDED ENTRY--TOPICAL TERM
Topical term or geographic name as entry element Computer organization.
650 ## - SUBJECT ADDED ENTRY--TOPICAL TERM
Topical term or geographic name as entry element Computer Architecture.
700 ## - ADDED ENTRY--PERSONAL NAME
Personal name Lobur, Julia
942 ## - ADDED ENTRY ELEMENTS (KOHA)
Koha item type Books
Source of classification or shelving scheme Library of Congress Classification
Call number prefix Foreign
Holdings
Withdrawn status Lost status Source of classification or shelving scheme Damaged status Home library Current library Shelving location Date acquired Source of acquisition Total Checkouts Full call number Barcode Date last seen Copy number Price effective from Koha item type
    Library of Congress Classification   College Library College Library General Circulation Section 11/16/2009     QA 76.9.C643 .N85 2006 C10748 05/15/2018 1 10/18/2013 Books

The essentials of computer organization and architecture /

APA

Null L., Lobur J., . (2006). The essentials of computer organization and architecture. Boston: Jones and Bartlett Publishers.

Chicago

Null Linda, Lobur Julia, . 2006. The essentials of computer organization and architecture. Boston: Jones and Bartlett Publishers.

Harvard

Null L., Lobur J., . (2006). The essentials of computer organization and architecture. Boston: Jones and Bartlett Publishers.

MLA

Null Linda, Lobur Julia, . The essentials of computer organization and architecture. Boston: Jones and Bartlett Publishers. 2006.

  • Place hold
  • Print
  • Cite
  • Add to your cart (remove)
  • Save record
    BIBTEX Dublin Core MARCXML MARC (non-Unicode/MARC-8) MARC (Unicode/UTF-8) MARC (Unicode/UTF-8, Standard) MODS (XML) RIS
  • More searches
    Search for this title in:
    Other Libraries (WorldCat) Other Databases (Google Scholar) Online Stores (Bookfinder.com) Open Library (openlibrary.org)

Exporting to Dublin Core...

SOUTHVILLE LIBRARY

Southville International School and Colleges Library

1281 Tropical Ave. Cor. Luxembourg St., BF Homes International, Las Pinas City

Tel. No. 8256374 / 252358 Loc. 117/146

Powered by Koha